000 00924cam a22002535a 4500
001 L160215
008 190402s2019 xxk f 001 0 eng d
020 _a9781783213375
035 _a(Sirsi) u160215
041 0 _aeng
050 0 4 _a692.5 $2 18
110 2 _aBuilding Cost Information Service
_91096
245 0 0 _aBuilding maintenance price book
_b2019
250 _a39th ed.
260 _aLondon
_bBCIS
_c2019
300 _a304p.
_bspiral bound
_c21cm
520 _aProvides realistic expectations on costs for repair work as well as a sound source of maintenance cost information for estimating and pricing. It is used widely for assessing competitive tenders and as a schedule for letting work on measured term contracts.
520 _aSupersedes 38th edition (ISBN 9781783212255).
521 _aAdvanced
590 _aKA
651 4 _aUnited Kingdom
690 _aCost management
_96233
942 _n0
_2ddc
999 _c116280
_d116280